007280000a2200217000450000500170000000800410001704000250005804100080008310000210009124500790011226000570019130000330024865000340028165000280031565000430034365000210038665000490040770000190045670000190047570000160049420191224042159.0170209b xxu||||| |||| 00| 0 spa d aCO-BoIAVHcCO-BoIAVH aspa1 aWinograd, Manuel10aIndicadores de sutentabilidad rural:suna visión para América Central. aWashington:bCIAT, bPNUMA, bBanco Mundial, c2001? a1 CD-ROMbarchivo ejecutable14aIndicadores socioeconómicos14aIndicadores ambientales14aSistemas de información geográfica14aUso de la tierra14aModelos de simulación del uso de la tierra1 aFarrow, Andrew1 aAguilar, Marta1 aKasper, Kok